You can negotiate anything /

Gespeichert in:
Bibliographische Detailangaben
1. Verfasser: Cohen, Herb (Verfasst von)
Format: Buch
Sprache:Englisch
Veröffentlicht: New York [etc.] : Bantam Books, 1982
Tags: Tag hinzufügen
Keine Tags, Fügen Sie das erste Tag hinzu!

MARC

LEADER 00000nam a22000007i 4500
001 IT\ICCU\MOL\0253776
003 ItRI
005 20240312183203.0
008 210128s1982 xxu|||||| ||||| |||||c
020 |a 0553281097 (Bantam ed.) 
040 |b ita  |c GP 
041 7 |a eng  |2 ISO-639-2 
100 1 |a Cohen, Herb  |0 IT\ICCU\CFIV\000086  |4 aut 
240 1 0 |a You can negotiate anything. -  |9 Cohen, Herb 
245 1 0 |a You can negotiate anything /  |c Herb Cohen. 
260 |a New York [etc.] :  |b Bantam Books,  |c 1982 
300 |a 255 p. ;  |c 18 cm. 
942 |2 ddc  |c BK 
952 |0 0  |1 0  |2 ddc  |4 0  |6 810_000000000000000_COH  |7 1  |9 1002  |a RM  |b RM  |d 2024-03-12  |l 0  |o 810 COH  |p 495  |r 2024-03-12 18:32:32  |w 2024-03-12  |y BK 
981 1 |6 z01  |a i   |b xxxe  
982 1 |6 z01  |a n 
999 |c 913  |d 913